[Event "SR 2. liga A 2002/2003"]
[Site "?"]
[Date "2003.02.08"]
[Round "8.2"]
[White "Hartl, Jan"]
[Black "Bisco, Igor"]
[Result "0-1"]
[WhiteElo "2154"]
[BlackElo "2120"]
[PlyCount "89"]
[EventDate "2002.??.??"]

1. e4 e5 2. Nf3 Nc6 3. d4 Nf6 4. dxe5 Ng4 5. Nc3 Bc5 6. Bc4 Ncxe5 7. Nxe5 Nxe5
8. Be2 d6 9. O-O O-O 10. Na4 Qh4 11. Nxc5 dxc5 12. f4 Ng4 13. h3 Nf6 14. Bf3 c6
15. Kh2 Re8 16. e5 Nd7 17. Qe2 Nb6 18. c4 Bf5 19. g4 Be6 20. b3 Rad8 21. Be3
Qe7 22. Qf2 Nd7 23. Bg2 f5 24. g5 Bf7 25. Rfd1 Bh5 26. Re1 Rc8 27. a4 b6 28.
Ra2 Nf8 29. Qc2 g6 30. Qc3 a5 31. Rd2 Red8 32. Kg3 Rxd2 33. Qxd2 Rd8 34. Qc3
Qd7 35. Rc1 Ne6 36. Kf2 Nd4 37. Re1 Ne6 38. Kg1 Nd4 39. Bf2 Ne6 40. Bf1 Kg7 41.
Bg2 Qd3 42. Bxc6 Rd4 43. Qc1 Qxb3 44. Bd5 Rd3 45. Qb1 0-1

[Event "SR 2. liga A 2002/2003"]
[Site "?"]
[Date "2003.02.08"]
[Round "8.2"]
[White "Krajnak, Robert"]
[Black "Machalova, Maria"]
[Result "0-1"]
[WhiteElo "2175"]
[BlackElo "2153"]
[PlyCount "101"]
[EventDate "2002.??.??"]

1. c4 e5 2. Nc3 Nc6 3. g3 g6 4. Bg2 Bg7 5. Rb1 a5 6. a3 f5 7. b4 axb4 8. axb4
Nf6 9. b5 Nd4 10. e3 Ne6 11. d3 O-O 12. Nge2 c6 13. O-O d5 14. bxc6 bxc6 15.
cxd5 cxd5 16. Qb3 Nc7 17. f4 Qd6 18. fxe5 Qxe5 19. e4 fxe4 20. dxe4 Ba6 21. Bf4
Qe7 22. Rfc1 Qc5+ 23. Kh1 Bc4 24. Qb6 Qxb6 25. Rxb6 Nfe8 26. exd5 g5 27. Bxg5
Rf5 28. d6 Nd5 29. Be4 Nxb6 30. Bxa8 Nxd6 31. Bg2 Nbc8 32. Bd8 Rf8 33. Bc7 Re8
34. Bc6 Re3 35. Rb1 Bxc3 36. Nxc3 Rxc3 37. Rb8 Rc1+ 38. Kg2 Bf1+ 39. Kf2 Rxc6
40. Bxd6 Bh3 41. Bf4 Rc2+ 42. Ke3 Bf5 43. h4 h5 44. Be5 Bg4 45. Rb7 Kf8 46. Bf4
Re2+ 47. Kd4 Ne7 48. Rb6 Kf7 49. Bb8 Re6 50. Rb7 Bf3 51. Bf4 0-1

[Event "SR 2. liga A 2002/2003"]
[Site "?"]
[Date "2003.02.08"]
[Round "8.2"]
[White "Lauf, Pavol"]
[Black "Felcir, Jaroslav"]
[Result "0-1"]
[WhiteElo "2160"]
[BlackElo "2206"]
[PlyCount "50"]
[EventDate "2002.??.??"]

1. d4 Nf6 2. c4 g6 3. Nc3 Bg7 4. e4 d6 5. f3 O-O 6. Be3 c6 7. Qd2 a6 8. Bd3
Nbd7 9. Nge2 b5 10. a3 bxc4 11. Bxc4 a5 12. O-O Ba6 13. Bxa6 Rxa6 14. Rfd1 a4
15. e5 Nd5 16. Bh6 Bxh6 17. Qxh6 dxe5 18. Ne4 Qb6 19. Rd2 exd4 20. Kh1 c5 21.
Rc1 f5 22. Ng5 N7f6 23. h4 Qd6 24. Rdc2 d3 25. Rxc5 d2 0-1

[Event "SR 2. liga A 2002/2003"]
[Site "?"]
[Date "2003.02.08"]
[Round "8.2"]
[White "Smolen, Jan"]
[Black "Seitler, Andrej"]
[Result "1/2-1/2"]
[WhiteElo "2157"]
[BlackElo "2133"]
[PlyCount "103"]
[EventDate "2002.??.??"]

1. c4 e5 2. Nc3 Nc6 3. g3 g6 4. Bg2 Bg7 5. Rb1 d6 6. b4 Nf6 7. e3 O-O 8. Nge2
Bf5 9. b5 Bxb1 10. bxc6 Bd3 11. cxb7 Rb8 12. Qb3 Qd7 13. Ba3 c6 14. Qa4 c5 15.
Qxd7 Nxd7 16. Nb5 Bxc4 17. Nxd6 Ba6 18. Nc3 Bf6 19. Nce4 Be7 20. Nc8 Re8 21.
Nxe7+ Rxe7 22. Nxc5 Nxc5 23. Bxc5 Rc7 24. d4 Bxb7 25. Bxb7 Rbxb7 26. O-O exd4
27. exd4 Rb2 28. a3 f6 29. Bb4 Rd7 30. Rd1 Kf7 31. d5 Re2 32. Kf1 Re5 33. d6 a5
34. Bc3 Rc5 35. Bb2 Rc6 36. Rd5 Rc2 37. Bd4 Rd2 38. Ke1 Rd3 39. Ke2 Rxa3 40.
Bc5 Ra2+ 41. Kd3 a4 42. Kc4 Rb2 43. Rd3 Rb3 44. Rd2 Rb8 45. Kd5 Rdd8 46. Ra2
Ra8 47. Bb6 Rdb8 48. Kc5 a3 49. d7 Ke7 50. Bc7 Kxd7 51. Bxb8 Rxb8 52. Rxa3
1/2-1/2

[Event "SR 2. liga A 2002/2003"]
[Site "?"]
[Date "2003.02.08"]
[Round "8.2"]
[White "Sochna, D."]
[Black "Janos, Martin"]
[Result "0-1"]
[WhiteElo "2223"]
[BlackElo "2175"]
[PlyCount "72"]
[EventDate "2002.??.??"]

1. e4 c5 2. Nc3 Nc6 3. f4 e6 4. Nf3 a6 5. a4 d5 6. e5 f5 7. exf6 Nxf6 8. d3 Bd6
9. g3 Rb8 10. Qe2 Nd4 11. Qf2 Nxf3+ 12. Qxf3 O-O 13. Bg2 Bd7 14. O-O Bc6 15.
Qe2 Qd7 16. Bh3 Rbe8 17. Re1 Kh8 18. Bxe6 Qc7 19. Qf2 d4 20. Nd1 Ne4 21. dxe4
Rxe6 22. Qg2 Bxf4 23. Bxf4 Rxf4 24. gxf4 Rg6 25. f5 Rxg2+ 26. Kxg2 Qf4 27. Nf2
Qxf5 28. Ra3 h6 29. Rg3 Qf4 30. Re2 Bxa4 31. Nd3 Qd6 32. e5 Qd5+ 33. Kg1 Bc6
34. Nf2 c4 35. Kf1 Bb5 36. e6 c3 0-1

[Event "SR 2. liga A 2002/2003"]
[Site "?"]
[Date "2003.02.08"]
[Round "8.3"]
[White "Janos, Jozef"]
[Black "Horak, Ivan"]
[Result "0-1"]
[WhiteElo "2185"]
[BlackElo "2198"]
[PlyCount "86"]
[EventDate "2002.??.??"]

1. d4 d5 2. Nf3 Nf6 3. g3 Bf5 4. Bg2 e6 5. O-O h6 6. b3 Nbd7 7. Bb2 c6 8. Nbd2
Bd6 9. Re1 O-O 10. Ne5 Qc7 11. Nxd7 Qxd7 12. f3 Rfd8 13. e4 dxe4 14. fxe4 Bg4
15. Bf3 Bxf3 16. Qxf3 Bb4 17. c3 Ba5 18. e5 Nh7 19. Ne4 Ng5 20. Nxg5 hxg5 21.
b4 Bb6 22. Bc1 Qd5 23. Re4 f6 24. exf6 gxf6 25. Qe2 e5 26. Bb2 exd4 27. cxd4 a5
28. Rd1 axb4 29. Re7 Rd7 30. Re8+ Rxe8 31. Qxe8+ Kg7 32. h4 Qf7 33. Qe3 Re7 34.
Qd2 Qd5 35. hxg5 Qxg5 36. Kg2 Re3 37. Qf2 Qd5+ 38. Kg1 Rf3 39. Qg2 Qe4 40. Kh2
Qh7+ 41. Kg1 Qe4 42. Kh2 Bc7 43. Kh1 Qh7+ 0-1

[Event "SR 2. liga A 2002/2003"]
[Site "?"]
[Date "2003.02.08"]
[Round "8.3"]
[White "Kolman, Richard"]
[Black "Kantorik, Marian"]
[Result "0-1"]
[WhiteElo "2139"]
[BlackElo "2351"]
[PlyCount "60"]
[EventDate "2002.??.??"]

1. d4 g6 2. Nf3 Bg7 3. Bf4 d6 4. Nbd2 Nd7 5. e4 e6 6. Bd3 Ne7 7. c3 O-O 8. Qe2
a6 9. Qe3 Re8 10. Bh6 Nf5 11. exf5 exf5 12. Ne5 dxe5 13. Bxg7 exd4 14. Bxd4
Rxe3+ 15. Bxe3 Ne5 16. Be2 f4 17. Bd4 Nc6 18. Nf3 Nxd4 19. Nxd4 c5 20. Nb3 Qe7
21. Rd1 Bg4 22. f3 Bf5 23. Rd2 Qh4+ 24. Kd1 b6 25. h3 a5 26. Bc4 Re8 27. Re2
Rxe2 28. Kxe2 Qe7+ 29. Kd1 Qg5 30. Rg1 Bxh3 {cas} 0-1

[Event "SR 2. liga A 2002/2003"]
[Site "?"]
[Date "2003.02.08"]
[Round "8.3"]
[White "Machalova, Veronika"]
[Black "Janos, Ivan"]
[Result "1-0"]
[WhiteElo "2143"]
[BlackElo "2131"]
[PlyCount "79"]
[EventDate "2002.??.??"]

1. e4 c5 2. Nf3 d6 3. d4 cxd4 4. Nxd4 Nf6 5. Nc3 g6 6. Be2 Bg7 7. Be3 O-O 8.
O-O Nc6 9. Qd2 Ng4 10. Bxg4 Bxg4 11. f3 Bd7 12. Nd5 e6 13. Nb4 Ne5 14. b3 Qa5
15. c4 b5 16. cxb5 Bxb5 17. Rfd1 Rab8 18. Rac1 Rfc8 19. Rxc8+ Rxc8 20. Nxb5
Qxb5 21. Bxa7 Qa5 22. Bf2 Nxf3+ 23. gxf3 Bc3 24. Qxd6 Bxb4 25. Qb6 Qxb6 26.
Bxb6 Rc2 27. a4 Ra2 28. Rd3 h5 29. Be3 Kg7 30. Bd4+ f6 31. Bc3 Bc5+ 32. Bd4 Bd6
33. Bxf6+ Kxf6 34. Rxd6 Ke5 35. Rd3 Kf4 36. b4 Rxa4 37. Rb3 h4 38. e5 Ra1+ 39.
Kf2 Ra2+ 40. Ke1 {time} 1-0

[Event "SR 2. liga A 2002/2003"]
[Site "?"]
[Date "2003.02.08"]
[Round "8.3"]
[White "Mihalik, Marek"]
[Black "Szollos, Ondrej"]
[Result "1-0"]
[WhiteElo "2090"]
[BlackElo "2106"]
[PlyCount "90"]
[EventDate "2002.??.??"]

1. d4 d6 2. e4 c6 3. Nf3 Qc7 4. Nc3 e5 5. dxe5 dxe5 6. Bc4 h6 7. a4 Be7 8. O-O
Nf6 9. Qe2 Bg4 10. h3 Bh5 11. a5 Nbd7 12. Be3 O-O 13. g4 Bg6 14. Nh4 Kh7 15.
Nf5 Bc5 16. Rfd1 Rad8 17. Bxc5 Nxc5 18. Rxd8 Rxd8 19. Qe3 Ne6 20. Qxa7 Nd4 21.
a6 Bxf5 22. exf5 Nf3+ 23. Kg2 e4 24. Rh1 Nh4+ 25. Kf1 Qa5 26. Ke2 Qb4 27. Bb3
e3 28. Rd1 Rxd1 29. Kxd1 Qd6+ 30. Kc1 Qd2+ 31. Kb1 exf2 32. Bc4 Qe1+ 33. Ka2
f1=Q 34. Bxf1 Qxf1 35. axb7 Qc4+ 36. Ka1 Qf1+ 37. Nb1 Ne4 38. b8=Q Nd2 39. Qa2
Nhf3 40. Qb6 Ne1 41. Qxc6 Nef3 42. Qc3 Qd1 43. Qd3 Ne1 44. Qxd2 Nxc2+ 45. Qxc2
Qxc2 1-0

[Event "SR 2. liga A 2002/2003"]
[Site "?"]
[Date "2003.02.08"]
[Round "8.3"]
[White "Skreno, Vladimir"]
[Black "Sukuba, Zdeno"]
[Result "1/2-1/2"]
[WhiteElo "2116"]
[BlackElo "2108"]
[PlyCount "122"]
[EventDate "2002.??.??"]

1. d4 Nf6 2. Nf3 e6 3. c4 b6 4. g3 Bb7 5. Bg2 Be7 6. O-O O-O 7. d5 exd5 8. Nh4
Ne4 9. cxd5 Nd6 10. Nf3 Bf6 11. Nc3 Na6 12. Re1 Re8 13. a3 Nc5 14. Nd2 a5 15.
Nb3 Nxb3 16. Qxb3 Ba6 17. Qc2 Rc8 18. Ne4 Nxe4 19. Bxe4 g6 20. Bf4 Qe7 21. Bf3
Be5 22. Bxe5 Qxe5 23. Rac1 Bb7 24. Red1 c5 25. Qb3 Qd6 26. h4 Re7 27. h5 gxh5
28. Bxh5 Ba6 29. e3 c4 30. Qc3 Qe5 31. Qxe5 Rxe5 32. Be2 b5 33. a4 b4 34. Rd4
f5 35. g4 fxg4 36. Rxg4+ Kf7 37. Rh4 Kg7 38. Rg4+ Kf7 39. Rh4 Kg7 40. Rg4+ Kf7
41. Rf4+ Kg7 42. Rg4+ Kf6 43. Bxc4 Bxc4 44. Rcxc4 Rxc4 45. Rxc4 Rxd5 46. Rh4 h5
47. b3 Kg5 48. Rc4 d6 49. Kg2 Kf6 50. Rc7 Rc5 51. Rh7 Ke6 52. Kf3 Rf5+ 53. Ke4
Re5+ 54. Kd4 Rd5+ 55. Ke4 Rg5 56. f4 Rc5 57. Kd4 Kf6 58. Rh6+ Ke7 59. Rh7+ Kf6
60. Rh6+ Ke7 61. Rh7+ Kf6 1/2-1/2

[Event "SR 2. liga A 2002/2003"]
[Site "?"]
[Date "2003.02.08"]
[Round "8.4"]
[White "Bury, Rastislav"]
[Black "Miklas, Marian"]
[Result "1/2-1/2"]
[WhiteElo "1994"]
[BlackElo "2179"]
[PlyCount "106"]
[EventDate "2002.??.??"]

1. d4 Nf6 2. c4 g6 3. Nc3 Bg7 4. e4 d6 5. f4 O-O 6. Nf3 c5 7. d5 e6 8. Be2 exd5
9. cxd5 Re8 10. e5 dxe5 11. fxe5 Ng4 12. Bg5 Qa5 13. O-O Nxe5 14. Nxe5 Bxe5 15.
Bc4 Qb4 16. Qf3 f5 17. Qd3 Bd7 18. d6+ Kh8 19. Rae1 Bg7 20. Rxe8+ Bxe8 21. Nd5
Qxb2 22. Nc7 Bc6 23. Qd2 Qxd2 24. Bxd2 Bd4+ 25. Kh1 b5 26. Be6 Kg7 27. Ba5 Bf6
28. Nxa8 Bxa8 29. Bc7 Na6 30. Bd7 Be5 31. Re1 Be4 32. Bxb5 Nxc7 33. dxc7 Bxc7
34. Bc4 Be5 35. Rd1 Bd4 36. a4 a5 37. Bd3 Bd5 38. Rb1 c4 39. Rd1 cxd3 40. Rxd3
Bxg2+ 41. Kxg2 Bc5 42. Kf3 Kf6 43. Rb3 g5 44. Rb5 g4+ 45. Kg2 Bb4 46. Kg3 Kg5
47. h4+ gxh3 48. Kxh3 Kf4 49. Rb7 h5 50. Kh4 Ke3 51. Rb5 f4 52. Re5+ Kd4 53.
Rxh5 Kc4 1/2-1/2

[Event "SR 2. liga A 2002/2003"]
[Site "?"]
[Date "2003.02.08"]
[Round "8.4"]
[White "Faltan, Peter"]
[Black "Sycova, Miroslava"]
[Result "1-0"]
[WhiteElo "2148"]
[BlackElo "2058"]
[PlyCount "55"]
[EventDate "2002.??.??"]

1. d4 Nf6 2. c4 g6 3. Nc3 d5 4. e3 Bg7 5. Nf3 O-O 6. Qc2 c6 7. Bd3 e6 8. b3
Nbd7 9. Ba3 Re8 10. Bd6 Bf8 11. Bxf8 Nxf8 12. O-O Qe7 13. Rac1 Bd7 14. e4 dxe4
15. Bxe4 Rad8 16. Rfe1 Bc8 17. Rcd1 N8d7 18. c5 Nh5 19. Nd2 e5 20. Bf3 Nf4 21.
Nc4 f6 22. b4 Nf8 23. Nd6 Rxd6 24. cxd6 Qxd6 25. dxe5 Qxb4 26. Ne4 Nd5 27. Nd6
Rd8 28. Bxd5+ 1-0

[Event "SR 2. liga A 2002/2003"]
[Site "?"]
[Date "2003.02.08"]
[Round "8.4"]
[White "Kovacocy, Pavel"]
[Black "Eged, Igor"]
[Result "1/2-1/2"]
[WhiteElo "2230"]
[BlackElo "2076"]
[PlyCount "60"]
[EventDate "2002.??.??"]

1. e4 e6 2. d4 d5 3. Nc3 Nf6 4. e5 Nfd7 5. f4 c5 6. Nf3 Nc6 7. Be3 a6 8. Qd2 b5
9. Bd3 c4 10. Be2 Qa5 11. Nd1 Qxd2+ 12. Bxd2 b4 13. c3 a5 14. O-O g6 15. Ne3
Nb6 16. g4 Be7 17. h3 Ra7 18. Nh2 f5 19. exf6 Bxf6 20. g5 Be7 21. Neg4 Bd6 22.
Nf6+ Kf7 23. Nhg4 Ne7 24. Ne5+ Kg7 25. Nfg4 bxc3 26. bxc3 Ba6 27. Rab1 Rb8 28.
Bd1 Rab7 29. Bc2 Nbc8 30. Kf2 Rb2 1/2-1/2

[Event "SR 2. liga A 2002/2003"]
[Site "?"]
[Date "2003.02.08"]
[Round "8.4"]
[White "Kubis, Ivan"]
[Black "Mynar, Martin"]
[Result "1/2-1/2"]
[WhiteElo "2105"]
[BlackElo "2113"]
[PlyCount "43"]
[EventDate "2002.??.??"]

1. e4 e5 2. Nf3 Nc6 3. Bb5 a6 4. Ba4 Nf6 5. O-O Be7 6. Re1 b5 7. Bb3 O-O 8. h3
d6 9. c3 Na5 10. Bc2 c5 11. d4 Qc7 12. Nbd2 Nc6 13. d5 Nd8 14. a4 Rb8 15. axb5
axb5 16. b3 Ne8 17. Nf1 g6 18. Bh6 Ng7 19. g4 f6 20. Ng3 Nf7 21. Bxg7 Kxg7 22.
Kg2 1/2-1/2

[Event "SR 2. liga A 2002/2003"]
[Site "?"]
[Date "2003.02.08"]
[Round "8.4"]
[White "Srna, Jan"]
[Black "Hecko, Dusan"]
[Result "0-1"]
[WhiteElo "2073"]
[BlackElo "2168"]
[PlyCount "118"]
[EventDate "2002.??.??"]

1. d4 Nf6 2. h4 b6 3. Bf4 Bb7 4. e3 d6 5. Nf3 Nbd7 6. Nbd2 g6 7. c3 Bg7 8. Qc2
e6 9. O-O-O Qe7 10. Bb5 a6 11. Be2 Ng4 12. Bg3 f5 13. Ne1 Ndf6 14. Bf3 Bxf3 15.
gxf3 Nh6 16. Nd3 O-O 17. Qb3 Nf7 18. Nf4 d5 19. e4 Bh6 20. exf5 Bxf4 21. Bxf4
exf5 22. Rde1 Qd7 23. Be5 Nh5 24. f4 b5 25. Reg1 Nxe5 26. fxe5 Kh8 27. Qd1 Nf4
28. Nb3 Ne6 29. Nc5 Nxc5 30. dxc5 Qe6 31. f4 c6 32. h5 Rg8 33. Rg5 Ra7 34. Qd4
Rag7 35. Kc2 a5 36. Kb3 a4+ 37. Ka3 h6 38. hxg6 Rxg6 39. Rgh5 Kh7 40. Qd3 Rf8
41. Qh3 Kg7 42. Rh2 Rf7 43. Rg5 Kh7 44. Qh5 Rfg7 45. Rxf5 d4 46. Rg5 Qc4 47. e6
dxc3 48. e7 b4+ 49. Kxa4 b3+ 50. Ka3 bxa2 51. Rh1 cxb2 52. Kxb2 Qb4+ 53. Kxa2
Qd2+ 54. Kb1 Qd3+ 55. Kb2 Rxe7 56. Qxg6+ Qxg6 57. Rxg6 Kxg6 58. f5+ Kg5 59. Kb3
Rf7 0-1

[Event "SR 2. liga A 2002/2003"]
[Site "?"]
[Date "2003.02.08"]
[Round "8.4"]
[White "Toth_Vano, Peter"]
[Black "Pusec, Pavel"]
[Result "1/2-1/2"]
[WhiteElo "2088"]
[BlackElo "2117"]
[PlyCount "86"]
[EventDate "2002.??.??"]

1. e4 d6 2. d4 Nf6 3. Nc3 g6 4. Bc4 Bg7 5. f3 c6 6. Be3 b5 7. Bd3 a6 8. Qd2
Nbd7 9. a4 Bb7 10. Bh6 Bxh6 11. Qxh6 Qa5 12. Nh3 b4 13. Ne2 Qh5 14. Qd2 a5 15.
c3 bxc3 16. bxc3 Ba6 17. Bxa6 Rxa6 18. O-O O-O 19. Qd3 Raa8 20. Rab1 c5 21. Rb5
Qh6 22. Rfb1 Rfc8 23. f4 e5 24. dxe5 dxe5 25. Qd6 exf4 26. Nhxf4 Re8 27. e5
Rxe5 28. Rb8+ Re8 29. Rxa8 Rxa8 30. Rb7 Rd8 31. Qc7 Qf8 32. Qxa5 Qe7 33. Qb5 g5
34. Nh3 Qe3+ 35. Kf1 Ne5 36. Rb8 Rxb8 37. Qxb8+ Kg7 38. Qb1 Nfg4 39. Qf5 Nxh2+
40. Ke1 Nd3+ 41. Kd1 Nb2+ 42. Ke1 Nd3+ 43. Kd1 Nb2+ 1/2-1/2

[Event "SR 2. liga A 2002/2003"]
[Site "?"]
[Date "2003.02.08"]
[Round "8.5"]
[White "Gajarsky, Roman"]
[Black "Kebis, Milos"]
[Result "1/2-1/2"]
[WhiteElo "2051"]
[BlackElo "2081"]
[PlyCount "74"]
[EventDate "2002.??.??"]

1. e4 g6 2. d4 Bg7 3. c4 d6 4. Nc3 Nf6 5. Bg5 O-O 6. Nf3 c5 7. d5 b5 8. cxb5 a6
9. a4 Qa5 10. Qd2 axb5 11. Bxb5 Na6 12. O-O Nb4 13. h3 Ba6 14. Bh6 Qc7 15. Bxg7
Kxg7 16. Bxa6 Rxa6 17. Ne1 Rb8 18. Nc2 Nxc2 19. Qxc2 Rb4 20. Rfe1 Qa5 21. e5
dxe5 22. Rxe5 Qb6 23. Rb1 Ra7 24. Qe2 Rb7 25. Rxe7 Rd4 26. Rxb7 Qxb7 27. Rd1
Rxd1+ 28. Nxd1 Qxd5 29. Ne3 Qe4 30. Qb5 Qb1+ 31. Nf1 Ne4 32. Qc4 Qe1 33. Qd3
Qxf2+ 34. Kh1 f5 35. a5 Qxb2 36. Qd7+ Kh6 37. Qf7 Qa1 {Zvysne 3 tahy sa z
partiarov nedali vydedukovat. Partiar p. Kebisa je, ako obycajne, prakticky
cely necitatelny, p. Gajarsky tam ma nezmysly.} 1/2-1/2

[Event "SR 2. liga A 2002/2003"]
[Site "?"]
[Date "2003.02.08"]
[Round "8.5"]
[White "Hanzluvka, Peter"]
[Black "Zacik, Anton"]
[Result "1/2-1/2"]
[WhiteElo "2107"]
[BlackElo "2098"]
[PlyCount "112"]
[EventDate "2002.??.??"]

1. e4 c5 2. Nf3 Nc6 3. d4 cxd4 4. Nxd4 Nf6 5. Nc3 e5 6. Ndb5 d6 7. Bg5 a6 8.
Bxf6 gxf6 9. Na3 b5 10. Nd5 Bg7 11. c3 Be6 12. Be2 Ne7 13. Nc2 Bxd5 14. exd5 f5
15. a4 bxa4 16. Rxa4 Qb6 17. Ra2 O-O 18. O-O a5 19. Ne3 e4 20. Qd2 Qc5 21. Rd1
Rfb8 22. Nc4 a4 23. Qf4 Rd8 24. Ne3 Qc8 25. Bb5 a3 26. bxa3 Kh8 27. c4 Be5 28.
Qg5 f6 29. Qh5 Rg8 30. Qf7 f4 31. Qxe7 fxe3 32. Qd7 exf2+ 33. Rxf2 Qc5 34. Kf1
Bxh2 35. a4 Be5 36. Qf5 e3 37. Re2 Qa3 38. Qe4 Qb3 39. Rb1 Qc3 40. Qxe3 Qa5 41.
Bc6 Rg3 42. Qd2 Qxd2 43. Rxd2 Ra7 44. Rb8+ Kg7 45. Rb7+ Rxb7 46. Bxb7 Ra3 47.
Bc6 Bc3 48. Rc2 Bb4 49. Rb2 Bc5 50. Ke2 Kg6 51. Rb8 Kf7 52. Rh8 Ra2+ 53. Kf3
Ra3+ 54. Ke2 Ra2+ 55. Kf1 Ra1+ 56. Ke2 Ra2+ 1/2-1/2

[Event "SR 2. liga A 2002/2003"]
[Site "?"]
[Date "2003.02.08"]
[Round "8.5"]
[White "Hecht, Tomas"]
[Black "Sarmir, Milos"]
[Result "0-1"]
[WhiteElo "2050"]
[BlackElo "2149"]
[PlyCount "100"]
[EventDate "2002.??.??"]

1. e4 e5 2. Nf3 Nc6 3. d4 exd4 4. c3 Bc5 5. cxd4 Bb4+ 6. Nc3 d5 7. e5 Bg4 8.
Be2 Nge7 9. O-O O-O 10. Bg5 h6 11. Bh4 Qd7 12. h3 Bh5 13. a3 Ba5 14. Qa4 Nf5
15. g4 Nxh4 16. Nxh4 Bg6 17. Nxg6 fxg6 18. Nxd5 Kh8 19. Bc4 Nxe5 20. Qxd7 Nxd7
21. b4 Bb6 22. Nxb6 Nxb6 23. Bd3 g5 24. Be4 c6 25. Rad1 Rad8 26. Rfe1 Nc4 27.
a4 Nb2 28. Rd2 Nxa4 29. Ra2 Nc3 30. Rxa7 Rxd4 31. Bf5 Rxb4 32. Re7 Rb8 33. Ra1
Nd5 34. Rd7 Nf6 35. Re7 Rd4 36. Ra7 Rb4 37. Ra1 Rd8 38. Rae1 Kg8 39. Bg6 Rbd4
40. Rxb7 R4d7 41. Rxd7 Rxd7 42. Re6 Rc7 43. Rd6 Kf8 44. Re6 c5 45. Kf1 c4 46.
Ke1 Re7 47. Rxe7 Kxe7 48. Kd2 Kd6 49. Kc3 Kc5 50. Bf7 Ne4+ 0-1

[Event "SR 2. liga A 2002/2003"]
[Site "?"]
[Date "2003.02.08"]
[Round "8.5"]
[White "Nicolini, Alexander"]
[Black "Chovanec, Vladimir"]
[Result "1-0"]
[WhiteElo "2083"]
[BlackElo "2057"]
[PlyCount "43"]
[EventDate "2002.??.??"]

1. e4 c5 2. Nf3 Nc6 3. c3 Nf6 4. e5 Nd5 5. d4 cxd4 6. cxd4 e6 7. Nc3 Nxc3 8.
bxc3 d6 9. exd6 Bxd6 10. Bd3 h6 11. O-O O-O 12. Qe2 Qc7 13. Re1 Bf4 14. Qe4
Bxh2+ 15. Nxh2 f5 16. Qf4 Qf7 17. Qh4 Bd7 18. Nf3 Rac8 19. Bd2 Rfe8 20. Bb5 Qg6
21. Qg3 Qf6 22. Ne5 1-0

[Event "SR 2. liga A 2002/2003"]
[Site "?"]
[Date "2003.02.08"]
[Round "8.5"]
[White "Stepanovic, Branislav"]
[Black "Syrovy, Ivan"]
[Result "1/2-1/2"]
[WhiteElo "2060"]
[BlackElo "2066"]
[PlyCount "117"]
[EventDate "2002.??.??"]

1. e4 c6 2. d4 d5 3. Nc3 dxe4 4. Nxe4 Nd7 5. Bc4 Ngf6 6. Ng5 e6 7. Qe2 Nb6 8.
Bd3 h6 9. N5f3 Qc7 10. Ne5 Bd6 11. Ngf3 c5 12. dxc5 Bxc5 13. O-O Bd7 14. a3 Bd6
15. h3 O-O 16. c4 Bc6 17. Nxc6 Qxc6 18. b4 Nbd7 19. c5 Bb8 20. Bb2 a6 21. Rad1
Re8 22. Bb1 e5 23. Rfe1 e4 24. Nh2 Qc7 25. Nf1 Qf4 26. Qe3 Qh4 27. Ba2 Be5 28.
Bxe5 Nxe5 29. Qg3 Qh5 30. Rd6 Kf8 31. Red1 Nd3 32. Ne3 Qe2 33. Bc4 Nh5 34. Qh4
g5 35. Qg4 Qxf2+ 36. Kh1 Ng3+ 37. Kh2 Qxe3 38. Qxg3 Qxg3+ 39. Kxg3 Nb2 40. Rc1
Nxc4 41. Rxc4 e3 42. Rc1 Rad8 43. Rxd8 Rxd8 44. Kf3 Rd3 45. c6 bxc6 46. Rxc6
Rxa3 47. Rxh6 Kg7 48. Rb6 f5 49. Rb7+ Kf6 50. Ra7 f4 51. b5 a5 52. b6 Rb3 53.
b7 a4 54. Ra6+ Ke7 55. Rxa4 Rxb7 56. g3 Kd6 57. gxf4 gxf4 58. Rxf4 Re7 59. Ke2
1/2-1/2

[Event "SR 2. liga A 2002/2003"]
[Site "?"]
[Date "2003.02.08"]
[Round "8.5"]
[White "Vychodil, Michal"]
[Black "Kovarik, Oto"]
[Result "1/2-1/2"]
[WhiteElo "2125"]
[BlackElo "2103"]
[PlyCount "49"]
[EventDate "2002.??.??"]

1. e4 c5 2. Nf3 d6 3. d4 cxd4 4. Nxd4 Nc6 5. Nc3 Nf6 6. Bg5 e5 7. Ndb5 a6 8.
Na3 Be6 9. Bxf6 Qxf6 10. Nd5 Qd8 11. c3 Ne7 12. Bc4 Rc8 13. O-O Nxd5 14. Bxd5
Bxd5 15. Qxd5 Qb6 16. Nc4 Qc5 17. Ne3 Rc6 18. Rfd1 Be7 19. Rd3 Qxd5 20. Rxd5
Kd7 21. Rad1 Ke6 22. Kf1 g6 23. Ke2 f5 24. f3 Rf8 25. Rf1 1/2-1/2

[Event "SR 2. liga A 2002/2003"]
[Site "?"]
[Date "2003.02.08"]
[Round "8.6"]
[White "Ac, Alexander"]
[Black "Pobjecky, Ivan"]
[Result "1/2-1/2"]
[WhiteElo "2099"]
[BlackElo "2005"]
[PlyCount "116"]
[EventDate "2002.??.??"]

1. e4 c5 2. Nf3 Nc6 3. d4 cxd4 4. Nxd4 Nf6 5. Be3 Nxe4 6. Bd3 Nf6 7. Nc3 g6 8.
O-O Bg7 9. a3 O-O 10. Be2 e5 11. Nxc6 dxc6 12. Bc5 Qxd1 13. Raxd1 Re8 14. f3
Be6 15. Ne4 Nxe4 16. fxe4 Bf8 17. Be3 Kg7 18. g4 f6 19. Kg2 Be7 20. h3 b6 21.
Ba6 Rad8 22. Rxd8 Rxd8 23. Be2 Rf8 24. Bd3 c5 25. c3 Rd8 26. Rd1 f5 27. gxf5
gxf5 28. exf5 Bxf5 29. Be2 Rxd1 30. Bxd1 Kg6 31. b3 Bg5 32. Bxg5 Kxg5 33. Kg3
h6 34. h4+ Kf6 35. Be2 Bc2 36. b4 Kf5 37. Kf3 Be4+ 38. Ke3 Bc2 39. Kf3 e4+ 40.
Ke3 Ke5 41. bxc5 bxc5 42. Bh5 Kf5 43. Be2 Bb1 44. Bd1 Bd3 45. Bh5 Bf1 46. Kf2
Bh3 47. Kg3 Bf1 48. Kf2 Bc4 49. Ke3 Be6 50. Bd1 Ke5 51. Bc2 Bd5 52. Bd1 a5 53.
Be2 Be6 54. Bd1 Bh3 55. Bc2 Bg2 56. Ba4 Bf3 57. Bc6 Kf5 58. Bd7+ Ke5 1/2-1/2

[Event "SR 2. liga A 2002/2003"]
[Site "?"]
[Date "2003.02.08"]
[Round "8.6"]
[White "Gasa, Andrej"]
[Black "Mikulas, Dusan"]
[Result "1/2-1/2"]
[WhiteElo "2167"]
[BlackElo "2154"]
[PlyCount "71"]
[EventDate "2002.??.??"]

1. e4 e5 2. Nf3 Nc6 3. Bb5 a6 4. Ba4 Nf6 5. O-O Be7 6. Re1 b5 7. Bb3 O-O 8. a4
b4 9. d4 d6 10. c3 exd4 11. Nxd4 Nxd4 12. cxd4 Bb7 13. Nd2 c5 14. d5 a5 15. Nc4
Re8 16. Bf4 Bf8 17. Qf3 Qc7 18. Rad1 Nd7 19. Qg3 Ra6 20. h3 f6 21. Bd2 Raa8 22.
f4 Kh8 23. Bc1 Nb6 24. Qd3 Ba6 25. Qc2 Bb7 26. Nxb6 Qxb6 27. Bc4 Ba6 28. b3
Bxc4 29. Qxc4 g6 30. Bb2 Bg7 31. Re2 Re7 32. Rde1 Rae8 33. Kf2 h6 34. Kf3 Kh7
35. h4 Qc7 36. g3 1/2-1/2

[Event "SR 2. liga A 2002/2003"]
[Site "?"]
[Date "2003.02.08"]
[Round "8.6"]
[White "Labar, Eduard"]
[Black "Bukovsky, Milan"]
[Result "1/2-1/2"]
[WhiteElo "2049"]
[BlackElo "2056"]
[PlyCount "73"]
[EventDate "2002.??.??"]

1. d4 Nf6 2. Nf3 d5 3. Bg5 e6 4. Nbd2 Be7 5. e3 O-O 6. Bd3 h6 7. Bh4 b6 8. O-O
Bb7 9. Ne5 Nbd7 10. Ndf3 Ne4 11. Bxe7 Qxe7 12. c3 Rfd8 13. Rc1 Ng5 14. Bb1
Nxf3+ 15. Nxf3 Nf6 16. Ne5 c5 17. Re1 Rac8 18. Qd3 c4 19. Qc2 b5 20. f3 a5 21.
Re2 g6 22. Qd2 Nh5 23. Rf1 Nf6 24. a3 Kg7 25. Qe1 Nd7 26. Qg3 Nxe5 27. Qxe5+
Qf6 28. Qg3 Qg5 29. Qf2 Rb8 30. h4 Qe7 31. g4 b4 32. axb4 axb4 33. Qg3 Qd6 34.
Qg2 Bc6 35. e4 bxc3 36. bxc3 Rb3 37. h5 1/2-1/2

[Event "SR 2. liga A 2002/2003"]
[Site "?"]
[Date "2003.02.08"]
[Round "8.6"]
[White "Pospichal, Karol"]
[Black "Kruppa, Dominik"]
[Result "1-0"]
[WhiteElo "2089"]
[BlackElo "2091"]
[PlyCount "79"]
[EventDate "2002.??.??"]

1. e4 c5 2. c4 Nc6 3. Nc3 Nf6 4. g3 d6 5. Bg2 g6 6. Nge2 Bg7 7. O-O O-O 8. h3
Rb8 9. d3 a6 10. f4 Ne8 11. f5 Nc7 12. Be3 b5 13. Qd2 Ne5 14. b3 Nc6 15. Bh6 b4
16. Bxg7 Kxg7 17. Nd1 Bd7 18. Ne3 f6 19. h4 Ne5 20. g4 Rh8 21. g5 Qe8 22. Ng3
Kf7 23. Rf4 Qg8 24. Ng4 Nxg4 25. Rxg4 Rf8 26. a3 Qg7 27. gxf6 Qxf6 28. Rf1 Ke8
29. axb4 gxf5 30. exf5 Rhg8 31. Qf4 Qc3 32. bxc5 Qxd3 33. cxd6 Qxd6 34. Rxg8
Rxg8 35. Qxd6 exd6 36. Kh2 Rg4 37. Re1+ Kf7 38. Re4 Bxf5 39. Nxf5 Rxe4 40.
Nxd6+ 1-0